MAASAI MARA UNIVERSITY

LIBRARY CATALOGUE

Contact Us: +254 020 2685356/7 or 0774 057787

Box: 861-20500, NAROK, KENYA

Email: info@mmarau.ac.ke

Law and American education : (Record no. 24655)

MARC details
000 -LEADER
fixed length control field 01166nam a22003137a 4500
003 - CONTROL NUMBER IDENTIFIER
control field OSt
005 - DATE AND TIME OF LATEST TRANSACTION
control field 20170518103414.0
008 - FIXED-LENGTH DATA ELEMENTS--GENERAL INFORMATION
fixed length control field 170314b xxu||||| |||| 00| 0 eng d
020 ## - INTERNATIONAL STANDARD BOOK NUMBER
International Standard Book Number 1578863945 (hardcover : alk. paper)
020 ## - INTERNATIONAL STANDARD BOOK NUMBER
International Standard Book Number 1578863848 (pbk. : alk. paper)
020 ## - INTERNATIONAL STANDARD BOOK NUMBER
International Standard Book Number 9781578863846
020 ## - INTERNATIONAL STANDARD BOOK NUMBER
International Standard Book Number 9781578863945
040 ## - CATALOGING SOURCE
Original cataloging agency MMU
Transcribing agency MMU
Modifying agency MMU
Language of cataloging eng
042 ## - AUTHENTICATION CODE
Authentication code pcc
043 ## - GEOGRAPHIC AREA CODE
Geographic area code n-us---
050 00 - LIBRARY OF CONGRESS CALL NUMBER
Classification number KF4118
Item number .P35 2006
082 00 - DEWEY DECIMAL CLASSIFICATION NUMBER
Classification number 344.73/07
Edition number 22
100 1# - MAIN ENTRY--PERSONAL NAME
Personal name Palestini, Robert H.
245 10 - TITLE STATEMENT
Title Law and American education :
Remainder of title a case brief approach /
Statement of responsibility, etc. Robert H. Palestini, Karen F. Palestini.
250 ## - EDITION STATEMENT
Edition statement 2nd ed.
260 ## - PUBLICATION, DISTRIBUTION, ETC. (IMPRINT)
Place of publication, distribution, etc. Lanham, Md :
Name of publisher, distributor, etc. Rowman & Littlefield Education,
Date of publication, distribution, etc. 2006.
300 ## - PHYSICAL DESCRIPTION
Extent viii, 111 p. ;
Dimensions 29 cm.
500 ## - GENERAL NOTE
General note Includes index.
505 0# - FORMATTED CONTENTS NOTE
Formatted contents note The educator and liability -- Schools and the state -- Students and the law -- Teachers and the law -- School desegregation -- School finance issues.
650 #0 - SUBJECT ADDED ENTRY--TOPICAL TERM
Topical term or geographic name as entry element Educational law and legislation
Geographic subdivision United States
Form subdivision Cases.
700 1# - ADDED ENTRY--PERSONAL NAME
Personal name Palestini, Karen F.
856 41 - ELECTRONIC LOCATION AND ACCESS
Materials specified Table of contents only
Uniform Resource Identifier <a href="http://www.loc.gov/catdir/toc/ecip064/2005034765.html">http://www.loc.gov/catdir/toc/ecip064/2005034765.html</a>
942 ## - ADDED ENTRY ELEMENTS (KOHA)
Source of classification or shelving scheme Library of Congress Classification
Koha item type L
Holdings
Withdrawn status Lost status Source of classification or shelving scheme Damaged status Not for loan Home library Current library Date acquired Source of acquisition Total Checkouts Full call number Barcode Date last seen Price effective from Koha item type
    Library of Congress Classification     Maasai Mara University Library -Main Campus Maasai Mara University Library -Main Campus 03/14/2017 Donation -T4C   KF4118 .P35 2006 17026568 03/14/2017 03/14/2017 L
© 2016 Maasai Mara University.